Estland
| Titel: | Estland : 32 Wander- und Entdeckertouren zwischen Moor, Meer, Wald und Seen / Stefanie Holtkamp |
|---|---|
| Verfasser: | |
| Ausgabe: | 1. Auflage Mai 2016 |
| Veröffentlicht: | 2016 |
| Umfang: | 191 Seiten : Illustrationen, Karten ; 21.7 cm x 11.4 cm, 310 g |
| Format: | Buch |
| Sprache: | Deutsch |
| ISBN: | 3944378083 ; 9783944378084 |
| Hinweise zum Inhalt: |
Inhaltsverzeichnis
|
alg: 38644596 001A $03004:31-08-16 001B $01999:13-12-25 $t10:31:31.000 001D $03004:19-09-16 001U $0utf8 001X $00 002@ $0Aau 002C $aText $btxt $2rdacontent 002D $aohne Hilfsmittel zu benutzen $bn $2rdamedia 002E $aBand $bnc $2rdacarrier 003@ $0386445966 004A $03-944378-08-3 004A $A978-3-944378-08-4 $fBroschur : EUR 15.40 (AT), EUR 14.90 (DE) 004K $09783944378084 006G $01081156279 006H $0TOCNEUA1713 $2DNB 006L $0BV043654656 $2BVB 006T $016,N03 006U $017,A14 $f20160113 007A $01081156279 $aDNB 007G $0DE02017D5286DD78F2425C125803700542F40 009P $qapplication/pdf $A2 $3Inhaltsverzeichnis $uhttps://scans.hebis.de/HEBCGI/show.pl?38644596_toc.pdf $mV:DE-603;B:DE-Mb50 010@ $ager 011@ $a2016 021A $aEstland $d32 Wander- und Entdeckertouren zwischen Moor, Meer, Wald und Seen $hStefanie Holtkamp 028A $BVerfasser $4aut $7 $8Holtkamp, Stefanie [Tnd] $9206598076 032@ $a1. Auflage Mai 2016 034D $a191 Seiten 034I $a21.7 cm x 11.4 cm, 310 g 034M $aIllustrationen, Karten 044K $qDNB $RGouvernement Estland $REstnische Sozialistische Sowjetrepublik $#Estland $#Estland $#Estland $#Estland (vor 1940) $#Republik Estland $#Estnische Republik $#Eesti $#Eesti Vabariik $#EV $#Estonia $#Republic of Estonia $#Estonie $#Ėstonskaja Respublika $74015587-0 $8Estland [Tg1] $9085035777 044K $qDNB $RWanderer $#Hiking $#Randonnée pédestre $#Fernwandern $#Wanderung $74064532-0 $8Wandern [Ts1] $9085181056 045E $c796 $c910 045F $eDDC22ger 045F/01 $a910 045F/03 $f090512 045F/03 $g4798 045G $a910.94798 $eDDC23BSB 045G/01 $a910 045G/03 $g4798 lok: 38644596 24 101B $019-09-16 $t15:42:45.000 101C $019-09-16 101U $0utf8 145Z/01 $a47 2 B 145Z/02 $a47 2 A exp: 38644596 24 1 #EPN 201B/01 $019-09-16 $t15:43:15.000 201C/01 $031-08-16 201U/01 $0utf8 203@/01 $0781546621 208@/01 $a19-09-16 $bz 209A/01 $a16.06787 $du $f050 $h16 06787 $x00 209C/01 $a16.06787 K $h16 06787 K 209G/01 $a73912849 $x00 220C/01 $aeng/hae 247C/01 $8358050-7Marburg, Bibliothek des Herder-Instituts Marburg $9102600961
| LEADER | 00000cam a2200000 c 4500 | ||
|---|---|---|---|
| 001 | 386445966 | ||
| 003 | DE-603 | ||
| 005 | 20251213103131.0 | ||
| 007 | tu | ||
| 008 | 160831s2016 xx |||| | u00||u|ger | ||
| 015 | |a 17,A14 |z 16,N03 |2 dnb | ||
| 016 | 7 | |2 DE-101 |a 1081156279 | |
| 020 | |a 3944378083 | ||
| 020 | |a 9783944378084 |c Broschur : EUR 15.40 (AT), EUR 14.90 (DE) | ||
| 024 | 3 | |a 9783944378084 | |
| 035 | |a (DE-599)DNB1081156279 | ||
| 035 | |a (DE-604)BV043654656 | ||
| 040 | |a DE-603 |b ger |c DE-603 |d DE-603 | ||
| 041 | |a ger | ||
| 083 | 0 | |8 2\u |a 910.94798 |q DE-101 |2 23/BSB | |
| 084 | |a 796 |a 910 |q DE-101 |2 sdnb | ||
| 085 | |8 1\u |b 910 | ||
| 085 | |8 1\u |z 1 |s 090512 | ||
| 085 | |8 1\u |z 2 |s 4798 | ||
| 085 | |8 2\u |b 910 | ||
| 085 | |8 2\u |z 2 |s 4798 | ||
| 100 | 1 | |a Holtkamp, Stefanie |e Verfasser |4 aut |0 (DE-603)206598076 | |
| 245 | 0 | 0 | |a Estland |b 32 Wander- und Entdeckertouren zwischen Moor, Meer, Wald und Seen |c Stefanie Holtkamp |
| 250 | |a 1. Auflage Mai 2016 | ||
| 264 | 0 | |c 2016 | |
| 300 | |a 191 Seiten |b Illustrationen, Karten |c 21.7 cm x 11.4 cm, 310 g | ||
| 336 | |a Text |b txt |2 rdacontent | ||
| 337 | |a ohne Hilfsmittel zu benutzen |b n |2 rdamedia | ||
| 338 | |a Band |b nc |2 rdacarrier | ||
| 650 | 7 | |a Wandern |0 (DE-588)4064532-0 |0 (DE-603)085181056 |2 gnd | |
| 651 | 7 | |a Estland |0 (DE-588)4015587-0 |0 (DE-603)085035777 |2 gnd | |
| 856 | 4 | 2 | |m V:DE-603;B:DE-Mb50 |q application/pdf |u https://scans.hebis.de/HEBCGI/show.pl?38644596_toc.pdf |3 Inhaltsverzeichnis |
| 924 | 0 | |9 Mb 50 |a (DE-603)781546621 |b DE-Mb50 |c HES |d c |g 16.06787 | |


